Statistics for Countries that has spanish as their official language

Click here to take the quiz!

General Stats

  • This quiz has been taken 28 times
  • The average score is 18 of 20

Answer Stats

Answer% Correct
Chile
100%
Colombia
100%
Venezuela
100%
Argentina
96%
Guatemala
96%
Spain
96%
Bolivia
92%
Panama
92%
Paraguay
92%
Uruguay
92%
Costa Rica
88%
Ecuador
88%
El Salvador
88%
Mexico
88%
Nicaragua
88%
Peru
88%
Cuba
84%
Honduras
84%
Dominican Republic
76%
Equatorial Guinea
72%

Score Distribution

Percentile by Number Answered

Percent of People with Each Score

Your Score History

You have not taken this quiz